| 000 | 00527nam a2200157Ia 4500 | ||
|---|---|---|---|
| 999 |
_c21420 _d21420 |
||
| 082 | _aTR.0135 | ||
| 100 | _aRam Kumar | ||
| 245 | 0 | _aStudy of savings and investment in agriculture (Distt. Moradabad) | |
| 260 |
_c1981 _bKanpur University |
||
| 300 | _a165p. + C D-5 | ||
| 650 | _aSAVING AND INVESTMENT - UTTAR PRADESH - MORADABAD DISTRICT | ||
| 650 | _aAGRICULTURAL CREDIT - UTTAR PRADESH - MORADABAD DISTRICT | ||
| 650 | _aFARM INCOME - UTTAR PRADESH - MORADABAD DISTRICT | ||
| 710 | _aSingh, Ram Iqbal | ||
| 942 |
_cTH _2ddc |
||